000 004740000a22001930004500
001 004129
003 MACL
005 20151025125604.0
008 151025b xxu||||| |||| 00| 0 eng d
040 _aMACL
_cMACL
041 _aEnglish
082 _a921/KRI
100 _aKrishnamurti, J
_94788
245 _aLife Ahead
_cJ Krishnamurti
260 _aChennai
_c2000
_bKrishna murti Foundation India,
350 _a125
650 _aBiography
_916680
942 _k921
_cBK
_2ddc
999 _c16020
_d16020